000 00546nam a2200193Ia 4500
999 _c8894
_d8894
003 OSt
005 20201008095539.0
008 190216s9999||||xx |||||||||||||| ||und||
020 _a9780070495098
040 _coclc
082 _a004.6
_bWAL/C
100 _aWalrand, Jean
_95428
245 0 _aCommunication Networks A First Course /
_cJean Walrand
250 _a2nd Ed.
260 _bMcgraw -hill Publishing,
_aNew Delhi:
_c2002.
300 _a336p
650 _aComputer
942 _cBK
_2ddc
_h004.6
_iWAL/C
_k004.6
_mWAL/C